| 000 | 00813nam a22002297a 4500 | ||
|---|---|---|---|
| 005 | 20130819114437.0 | ||
| 010 | _aB-523675 | ||
| 020 |
_a9788184770339 _c95.00 |
||
| 035 | _aB-523675 | ||
| 037 |
_aKKP/Ven. _bKKP/BL3088/11.04.2013/203/11.04.2013/16.05.2013 |
||
| 082 | _a796.48 | ||
| 100 | _aKrishnaswamy, V | ||
| 245 |
_aScholastic Quiz Olympics/ _cby V.kishnaswamy |
||
| 250 | _a2008 | ||
| 260 |
_aGurgoan _bSchlastic India Pvt. Ltd |
||
| 270 | _aGolf View Corporate Tower-A, 3rd Floor,DLF Phase-V | ||
| 270 |
_aGolf View Corporate Tower-A 3rd Floor, DLF Phase-V _bGurgoan _e122002 |
||
| 300 |
_a64p. _b15cm (pbk) _cill. |
||
| 500 | _aInclude Index | ||
| 942 |
_2ddc _cCH _mKRI _h796.48 |
||
| 999 |
_c78299 _d78299 |
||